Prologue to the Canterbury tales. (Record no. 127809)
[ view plain ]
| 000 -LEADER | |
|---|---|
| fixed length control field | 01093cam a2200241u 4500 |
| 001 - CONTROL NUMBER | |
| control field | 10351284 |
| 003 - CONTROL NUMBER IDENTIFIER | |
| control field | ARRUPE |
| 005 - DATE AND TIME OF LATEST TRANSACTION | |
| control field | 20180327093816.0 |
| 008 - FIXED-LENGTH DATA ELEMENTS--GENERAL INFORMATION | |
| fixed length control field | 860714n xx 000 0 eng |
| 010 ## - LIBRARY OF CONGRESS CONTROL NUMBER | |
| LC control number | r 67001052 |
| 040 ## - CATALOGING SOURCE | |
| Original cataloging agency | DLC |
| Transcribing agency | CarP |
| Modifying agency | DLC |
| 050 ## - LIBRARY OF CONGRESS CALL NUMBER | |
| Classification number | PR1869 |
| Item number | .C697 |
| 300 ## - PHYSICAL DESCRIPTION | |
| Dimensions | 22cm. |
| 100 1# - MAIN ENTRY--PERSONAL NAME | |
| Personal name | Chaucer, Geoffrey, |
| Dates associated with a name | -1400. |
| 9 (RLIN) | 20532 |
| 245 10 - TITLE STATEMENT | |
| Title | Prologue to the Canterbury tales. |
| Remainder of title | Geoffrey Chaucer |
| 260 ## - PUBLICATION, DISTRIBUTION, ETC. (IMPRINT) | |
| Place of publication, distribution, etc | Cape Town |
| Name of publisher, distributor, etc | College of Careers |
| Date of publication, distribution, etc | 1972 |
| 300 ## - PHYSICAL DESCRIPTION | |
| Extent | 46p. ; |
| 440 ## - SERIES STATEMENT/ADDED ENTRY--TITLE | |
| Title | Study-Aid series |
| Number of part/section of a work | 320 |
| 9 (RLIN) | 41087 |
| 500 ## - GENERAL NOTE | |
| General note | The English poets from Chaucer to Yeats. |
| 500 ## - GENERAL NOTE | |
| General note | Read in Middle English by Nevill Coghill, Norman Davis, and John Burrow. |
| 500 ## - GENERAL NOTE | |
| General note | "Recorded in association with the British Council and Oxford University Press; directed by George Rylands." |
| 500 ## - GENERAL NOTE | |
| General note | Excerpts from works by Hoccleve, Spenser, Dryden, and Blake, and "The language of Chaucer, by Norman Davis" on slipcase; text of the recording, with glossary ([8] p.) inserted. |
| 600 ## - SUBJECT ADDED ENTRY--PERSONAL NAME | |
| Personal name | Chaucer, Geoffrey . |
| General subdivision | Canterbury tales |
| 9 (RLIN) | 41088 |
| 650 #0 - SUBJECT ADDED ENTRY--TOPICAL TERM | |
| Topical term or geographic name as entry element | Christian pilgrims and pilgrimages |
| Form subdivision | Poetry. |
| 9 (RLIN) | 27862 |
| 700 1# - ADDED ENTRY--PERSONAL NAME | |
| Personal name | Coghill, Nevill, |
| Dates associated with a name | 1899-1980. |
| 9 (RLIN) | 41089 |
| 740 0# - ADDED ENTRY--UNCONTROLLED RELATED/ANALYTICAL TITLE | |
| Uncontrolled related/analytical title | Canterbury tales. |
| 906 ## - LOCAL DATA ELEMENT F, LDF (RLIN) | |
| a | 0 |
| b | cbc |
| c | premunv |
| d | u |
| e | ncip |
| f | 19 |
| g | y-gencatlg |
| 942 ## - ADDED ENTRY ELEMENTS (KOHA) | |
| Source of classification or shelving scheme | Library of Congress Classification |
| Koha item type | Monograph ( Printed materials) |
| Withdrawn status | Lost status | Source of classification or shelving scheme | Damaged status | Not for loan | Collection code | Home library | Current library | Shelving location | Date acquired | Total Checkouts | Full call number | Barcode | Date last seen | Price effective from | Koha item type |
|---|---|---|---|---|---|---|---|---|---|---|---|---|---|---|---|
| Library of Congress Classification | Main Collection | ARRUPE LIBRARY | ARRUPE LIBRARY | Main Collection | 27/03/2018 | PR1869 .C697 | 46600001938 | 27/03/2018 | 27/03/2018 | Monograph ( Printed materials) |